| 000 | 00556nam a2200181 a 4500 | ||
|---|---|---|---|
| 005 | 20260214063935.0 | ||
| 008 | 991125s1977 mx 000 0 spa u | ||
| 035 | _aUPN01000006350 | ||
| 049 | _aCG | ||
| 050 | 4 |
_aJF491 _bC3.2 |
|
| 245 | 0 | 4 |
_aLos cambios constitucionales / _ccolab. Andueza Acuña ... [et al.]. |
| 260 |
_aMéxico : _bUNAM, Instituto de Investigaciones Jurídicas, _c1977. |
||
| 300 | _a258 p. | ||
| 440 | 0 |
_aEstudios doctrinales ; _v18 |
|
| 650 | 2 |
_aReformas constitucionales _925036 |
|
| 700 | 1 |
_aAcuña, Andueza, _ecolab. |
|
| 905 | _aLibro | ||
| 999 |
_c6350 _d6350 |
||